Guide To Patterns and Usage in English (Record no. 11153)

MARC details
000 -LEADER
fixed length control field 00449nam a22001697a 4500
003 - CONTROL NUMBER IDENTIFIER
control field OSt
008 - FIXED-LENGTH DATA ELEMENTS--GENERAL INFORMATION
fixed length control field 220415b ||||| |||| 00| 0 eng d
020 ## - INTERNATIONAL STANDARD BOOK NUMBER
International Standard Book Number 9780195622720
082 ## - DEWEY DECIMAL CLASSIFICATION NUMBER
Classification number 428 HOG
100 ## - MAIN ENTRY--PERSONAL NAME
Personal name HORNBY, A.S.
245 ## - TITLE STATEMENT
Title Guide To Patterns and Usage in English
250 ## - EDITION STATEMENT
Edition statement 2nd Edition
260 ## - PUBLICATION, DISTRIBUTION, ETC. (IMPRINT)
Place of publication, distribution, etc New Delhi
Name of publisher, distributor, etc Oxford University Press
Date of publication, distribution, etc 2016
300 ## - PHYSICAL DESCRIPTION
Extent 238
650 ## - SUBJECT ADDED ENTRY--TOPICAL TERM
Topical term or geographic name as entry element Guide To Patterns and Usage in English
942 ## - ADDED ENTRY ELEMENTS (KOHA)
Source of classification or shelving scheme Dewey Decimal Classification
Koha item type Text Books
942 ## - ADDED ENTRY ELEMENTS (KOHA)
-- 1
Holdings
Withdrawn status Lost status Source of classification or shelving scheme Damaged status Not for loan Collection code Home library Current library Date acquired Source of acquisition Currency Cost, normal purchase price Bill Number Total Checkouts Full call number Acc. no. / Barcode Date last seen Actual Cost, discounted price Bill Date Koha item type Date last borrowed
    Dewey Decimal Classification     B.A Hons. English PIET NCR College Library PIET NCR College Library 01/04/2022 Kirti Prakashan Indian Rup 155.00 IN8   428 HOG N2307 15/04/2022 105.40 01/04/2022 Reference Books  
    Dewey Decimal Classification     B.A Hons. English PIET NCR College Library PIET NCR College Library 01/04/2022 Kirti Prakashan Indian Rup 155.00 IN8   428 HOG N2308 15/04/2022 105.40 01/04/2022 Text Books  
    Dewey Decimal Classification     B.A Hons. English PIET NCR College Library PIET NCR College Library 01/04/2022 Kirti Prakashan Indian Rup 155.00 IN8   428 HOG N2309 15/04/2022 105.40 01/04/2022 Text Books  
    Dewey Decimal Classification     B.A Hons. English PIET NCR College Library PIET NCR College Library 01/04/2022 Kirti Prakashan Indian Rup 155.00 IN8   428 HOG N2310 15/04/2022 105.40 01/04/2022 Text Books  
    Dewey Decimal Classification     B.A Hons. English PIET NCR College Library PIET NCR College Library 01/04/2022 Kirti Prakashan Indian Rup 155.00 IN8   428 HOG N2311 15/04/2022 105.40 01/04/2022 Text Books  
    Dewey Decimal Classification     B.A Hons. English PIET NCR College Library PIET NCR College Library 01/04/2022 Kirti Prakashan Indian Rup 155.00 IN8   428 HOG N2312 15/04/2022 105.40 01/04/2022 Text Books  
    Dewey Decimal Classification     B.A Hons. English PIET NCR College Library PIET NCR College Library 01/04/2022 Kirti Prakashan Indian Rup 155.00 IN8   428 HOG N2313 15/04/2022 105.40 01/04/2022 Text Books  
    Dewey Decimal Classification     B.A Hons. English PIET NCR College Library PIET NCR College Library 01/04/2022 Kirti Prakashan Indian Rup 155.00 IN8   428 HOG N2314 15/04/2022 105.40 01/04/2022 Text Books  
    Dewey Decimal Classification     B.A Hons. English PIET NCR College Library PIET NCR College Library 01/04/2022 Kirti Prakashan Indian Rup 155.00 IN8   428 HOG N2315 15/04/2022 105.40 01/04/2022 Text Books  
    Dewey Decimal Classification     B.A Hons. English PIET NCR College Library PIET NCR College Library 01/04/2022 Kirti Prakashan Indian Rup 155.00 IN8 1 428 HOG N2316 23/12/2022 105.40 01/04/2022 Text Books 22/06/2022

Design & Developed by: PIET Central Library
R70 Miles Stone Pattikalyana Samalkha Panipat 132102
mail ID :- [email protected], Phone No:- 0180-2569700 Ex.216